[Event "Gibtelecom AmatWk2 6th"]
[Site "Gibraltar"]
[Date "2008.01.27"]
[Round "1.41"]
[White "Aagedal, Geir Ole"]
[Black "Poggio, Freddie"]
[Result "1-0"]
[WhiteElo "1839"]
[BlackElo "1616"]
[PlyCount "72"]
[EventDate "2008.01.27"]
[EventType "swiss"]
[EventRounds "5"]
[EventCountry "GGB"]
[SourceTitle "BritBase"]
[Source "www.saund.co.uk"]
[SourceDate "2018.02.10"]
[SourceVersion "1"]
[SourceVersionDate "2018.02.10"]
[SourceQuality "1"]

1. c4 e5 2. g3 Nf6 3. Bg2 c6 4. d3 d5 5. cxd5 Bb4+ 6. Nd2 cxd5 7. Qa4+ Nc6 8.
a3 Bd6 9. Ngf3 O-O 10. O-O Bd7 11. Qd1 Rc8 12. Re1 e4 13. dxe4 dxe4 14. Ng5 e3
15. fxe3 Bc5 16. Nde4 Nxe4 17. Nxe4 Bb6 18. h3 h5 19. Qd5 Be8 20. Nd6 Rc7 21.
Nxe8 Qxe8 22. Qxh5 Bxe3+ 23. Kh2 Bb6 24. Bf4 Rc8 25. Bd6 Nd4 26. Bxf8 Qxf8 27.
Be4 g6 28. Qd5 Rc6 29. Rad1 Rd6 30. Qc4 Qd8 31. e3 Nf5 32. Rxd6 Qxd6 33. Rg1
Nxe3 34. Qc8+ Kg7 35. Qc3+ Bd4 36. Qd3 Nf5 {... 20 more moves played but
unrecorded - final position wKf6, Bf1, Pg4, h3, bKh6, Pg6} 1-0

[Event "Gibtelecom AmatWk2 6th"]
[Site "Gibraltar"]
[Date "2008.01.27"]
[Round "1.42"]
[White "Dimitrov, Daniel"]
[Black "Booth, Chris"]
[Result "1/2-1/2"]
[WhiteElo "1600"]
[BlackElo "1840"]
[PlyCount "122"]
[EventDate "2008.01.27"]
[EventType "swiss"]
[EventRounds "5"]
[EventCountry "GGB"]
[SourceTitle "BritBase"]
[Source "www.saund.co.uk"]
[SourceDate "2018.02.10"]
[SourceVersion "1"]
[SourceVersionDate "2018.02.10"]
[SourceQuality "1"]

1. e4 e6 2. Nc3 d5 3. d4 Nf6 4. Bg5 Bb4 5. e5 h6 6. Bd2 Bxc3 7. bxc3 Ne4 8. Bd3
Nxd2 9. Qxd2 c5 10. Nh3 Nc6 11. O-O Qa5 12. Rfd1 cxd4 13. cxd4 Qxd2 14. Rxd2
Nxd4 15. c4 Nc6 16. Nf4 dxc4 17. Bxc4 Nxe5 18. Bb3 g5 19. Nh5 Ke7 20. Re1 Nc6
21. Ng3 e5 22. Ba4 f6 23. Bxc6 bxc6 24. Red1 Be6 25. Rc1 Bd5 26. f3 Rab8 27. h4
Ke6 28. h5 Rb4 29. Kf2 Rhb8 30. Rcc2 f5 31. Nf1 e4 32. Ne3 R8b6 33. Re2 Kf6 34.
Red2 exf3 35. Rxd5 cxd5 36. Nxd5+ Ke5 37. Nxb6 Rxb6 38. Rc5+ Kd4 39. Rxf5 fxg2
40. Kxg2 Ke4 41. Ra5 a6 42. Kg3 Rf6 43. Ra4+ Kd5 44. Rb4 Re6 45. Rb8 Ke5 46. a4
Rd6 47. a5 Rd3+ 48. Kg2 Ra3 49. Rb6 Rxa5 50. Rxh6 Kf5 51. Rh8 g4 52. Rg8 Ra2+
53. Kg3 Ra3+ 54. Kg2 Kf4 55. Rf8+ Kg5 56. Rh8 Kh4 57. h6 Ra2+ 58. Kf1 Kg3 59.
Ra8 Rf2+ 60. Kg1 Rg2+ 61. Kf1 Rf2+ 1/2-1/2

[Event "Gibtelecom AmatWk2 6th"]
[Site "Gibraltar"]
[Date "2008.01.27"]
[Round "1.43"]
[White "Ribon Calabia, Mariano"]
[Black "Hansen, Linda Marie"]
[Result "1-0"]
[WhiteElo "1800"]
[BlackElo "1531"]
[PlyCount "63"]
[EventDate "2008.01.27"]
[EventType "swiss"]
[EventRounds "5"]
[EventCountry "GGB"]
[SourceTitle "BritBase"]
[Source "www.saund.co.uk"]
[SourceDate "2018.02.10"]
[SourceVersion "1"]
[SourceVersionDate "2018.02.10"]
[SourceQuality "1"]

1. e4 e5 2. Nc3 Nc6 3. f4 Nf6 4. Nf3 d6 5. Bb5 exf4 6. d4 Bd7 7. Bxf4 Be7 8.
O-O O-O 9. Be3 Ng4 10. Bd2 a6 11. Bd3 b5 12. h3 Nf6 13. a3 Qc8 14. Kh2 h6 15.
Qe1 Qd8 16. Be3 Nh7 17. Nd5 Kh8 18. Qd2 Bg5 19. Nxg5 Nxg5 20. Rf2 Be6 21. Nf4
d5 22. exd5 Bxd5 23. Nxd5 Qxd5 24. Rf5 Qd6+ 25. Bf4 Qxd4 26. Bxg5 hxg5 27. Qxg5
Qd6+ 28. Rf4 Qh6 29. Qg3 Kg8 30. Rh4 Qf6 31. Rf1 Qxb2 32. Rh8+ 1-0

[Event "Gibtelecom AmatWk2 6th"]
[Site "Gibraltar"]
[Date "2008.01.27"]
[Round "1.44"]
[White "Rashleigh, Jonathan"]
[Black "Lode, Marius Skefstad"]
[Result "1-0"]
[WhiteElo "1568"]
[BlackElo "1822"]
[PlyCount "51"]
[EventDate "2008.01.27"]
[EventType "swiss"]
[EventRounds "5"]
[EventCountry "GGB"]
[SourceTitle "BritBase"]
[Source "www.saund.co.uk"]
[SourceDate "2018.02.10"]
[SourceVersion "1"]
[SourceVersionDate "2018.02.10"]
[SourceQuality "1"]

1. d4 e6 2. Bf4 d5 3. e3 Nf6 4. Bd3 c6 5. Nd2 Nbd7 6. h3 Be7 7. Ngf3 Nh5 8. Bh2
f5 9. g4 fxg4 10. hxg4 Nhf6 11. Ne5 O-O 12. g5 Ne8 13. Qh5 g6 14. Nxg6 hxg6 15.
Bxg6 Nef6 16. gxf6 Nxf6 17. Qh4 Kg7 18. Rg1 Rg8 19. Bf4 Rh8 20. Qg3 Kf8 21. Nf3
Qb6 22. O-O-O Qa5 23. Kb1 Qb6 24. Rh1 Rxh1 25. Rxh1 Ba3 26. b3 1-0

[Event "Gibtelecom AmatWk2 6th"]
[Site "Gibraltar"]
[Date "2008.01.27"]
[Round "1.45"]
[White "Livesey, R Nigel"]
[Black "Loberg, Jo Kristian"]
[Result "1-0"]
[WhiteElo "1792"]
[BlackElo "1450"]
[PlyCount "59"]
[EventDate "2008.01.27"]
[EventType "swiss"]
[EventRounds "5"]
[EventCountry "GGB"]
[SourceTitle "BritBase"]
[Source "www.saund.co.uk"]
[SourceDate "2018.02.10"]
[SourceVersion "1"]
[SourceVersionDate "2018.02.10"]
[SourceQuality "1"]

1. c4 Nf6 2. g3 g6 3. Bg2 Bg7 4. Nc3 d6 5. e4 O-O 6. Nge2 e5 7. O-O Be6 8. d3
Qc8 9. Nd5 Nxd5 10. cxd5 Bh3 11. Be3 Bxg2 12. Kxg2 f5 13. Qd2 Nd7 14. Rac1 Nf6
15. f3 c5 16. dxc6 bxc6 17. Rc2 Qd7 18. Rfc1 fxe4 19. dxe4 Rfc8 20. Bg5 Rc7 21.
Nc3 Qe6 22. Bxf6 Bxf6 23. Nd5 Rcc8 24. Rxc6 Bd8 25. Qc3 Rxc6 26. Qxc6 Rb8 27.
b4 Bb6 28. a4 Bd4 29. Qc7 Rf8 30. Rc6 1-0

[Event "Gibtelecom AmatWk2 6th"]
[Site "Gibraltar"]
[Date "2008.01.27"]
[Round "1.46"]
[White "Garcia Lechugo, Francisco"]
[Black "Jacobsen, Maria Pitz"]
[Result "1/2-1/2"]
[WhiteElo "1515"]
[BlackElo "1799"]
[PlyCount "58"]
[EventDate "2008.01.27"]
[EventType "swiss"]
[EventRounds "5"]
[EventCountry "GGB"]
[SourceTitle "BritBase"]
[Source "www.saund.co.uk"]
[SourceDate "2018.02.10"]
[SourceVersion "1"]
[SourceVersionDate "2018.02.10"]
[SourceQuality "1"]

1. c4 e5 2. g3 Nf6 3. Bg2 Nc6 4. Nc3 Bc5 5. Nf3 d6 6. a3 a6 7. b4 Ba7 8. Bb2
O-O 9. O-O Be6 10. d3 h6 11. h3 Nh5 12. e3 Qc8 13. Nxe5 Nxe5 14. Qxh5 Nxd3 15.
Nd5 Bxd5 16. Bxg7 Kxg7 17. Qxd5 Ne5 18. c5 Bb8 19. cxd6 cxd6 20. f4 Nc6 21. f5
Qe8 22. f6+ Kh8 23. Be4 Qe5 24. Qxe5 dxe5 25. Rf5 Rg8 26. Rh5 Rg5 27. Rxh6+ Kg8
28. Rd1 Ba7 29. Bh7+ Kh8 1/2-1/2

[Event "Gibtelecom AmatWk2 6th"]
[Site "Gibraltar"]
[Date "2008.01.27"]
[Round "1.47"]
[White "Wright, Jonathan"]
[Black "Bath, Tom"]
[Result "1-0"]
[WhiteElo "1776"]
[BlackElo "1424"]
[PlyCount "34"]
[EventDate "2008.01.27"]
[EventType "swiss"]
[EventRounds "5"]
[EventCountry "GGB"]
[SourceTitle "BritBase"]
[Source "www.saund.co.uk"]
[SourceDate "2018.02.10"]
[SourceVersion "1"]
[SourceVersionDate "2018.02.10"]
[SourceQuality "1"]

1. e4 c5 2. Nc3 d6 3. g3 Nf6 4. Bg2 e5 5. d3 Be6 6. Bg5 Be7 7. Qd2 Nbd7 8. f4
exf4 9. gxf4 Nb6 10. Nf3 O-O 11. f5 Bd7 12. O-O-O Qc7 13. Rhg1 a5 14. Bh1 Na4
15. Bh6 Qb6 16. Nxa4 Bxa4 17. Bxg7 c4 1-0

[Event "Gibtelecom AmatWk2 6th"]
[Site "Gibraltar"]
[Date "2008.01.27"]
[Round "1.48"]
[White "Beadle, John R"]
[Black "Hughes, Lloyd"]
[Result "1/2-1/2"]
[WhiteElo "1400"]
[BlackElo "1745"]
[PlyCount "58"]
[EventDate "2008.01.27"]
[EventType "swiss"]
[EventRounds "5"]
[EventCountry "GGB"]
[SourceTitle "BritBase"]
[Source "www.saund.co.uk"]
[SourceDate "2018.02.10"]
[SourceVersion "1"]
[SourceVersionDate "2018.02.10"]
[SourceQuality "1"]

1. e4 c6 2. Nc3 d5 3. exd5 cxd5 4. d4 Nf6 5. Nf3 Nc6 6. h3 e6 7. a3 a6 8. Bd3
Bd6 9. O-O Bd7 10. Re1 O-O 11. Bg5 Kh8 12. Ne5 Be7 13. Qd2 Nxd4 14. Bxh7 Nxh7
15. Bxe7 Nf3+ 16. Nxf3 Qxe7 17. Nxd5 Qc5 18. Nc3 Bc6 19. Qe3 Qe7 20. Rad1 Rad8
21. Qb6 Rxd1 22. Rxd1 Bxf3 23. gxf3 Qg5+ 24. Kf1 Qh4 25. Qxb7 Qxh3+ 26. Ke2 Ng5
27. f4 Qg4+ 28. Ke3 Qh3+ 29. Ke2 Qg4+ 1/2-1/2

[Event "Gibtelecom AmatWk2 6th"]
[Site "Gibraltar"]
[Date "2008.01.27"]
[Round "1.49"]
[White "Kennedy, Philip J"]
[Black "Tari, Aryan"]
[Result "1-0"]
[WhiteElo "1704"]
[BlackElo "1377"]
[PlyCount "101"]
[EventDate "2008.01.27"]
[EventType "swiss"]
[EventRounds "5"]
[EventCountry "GGB"]
[SourceTitle "BritBase"]
[Source "www.saund.co.uk"]
[SourceDate "2018.02.10"]
[SourceVersion "1"]
[SourceVersionDate "2018.02.10"]
[SourceQuality "1"]

1. Nf3 d5 2. g3 Nf6 3. Bg2 Nc6 4. d4 Bf5 5. O-O h6 6. c3 e6 7. Re1 Bd6 8. Nfd2
O-O 9. e4 dxe4 10. Nxe4 Nxe4 11. Bxe4 Bxe4 12. Rxe4 Qf6 13. f4 Rad8 14. Nd2 Qg6
15. Qe2 Rde8 16. Nc4 f5 17. Nxd6 cxd6 18. Re3 Qf6 19. Bd2 Re7 20. Re1 Rfe8 21.
Qf1 e5 22. d5 Nb8 23. c4 Nd7 24. Bc3 Nc5 25. Rf3 Na4 26. fxe5 Nxc3 27. Rxf5 Qg6
28. bxc3 Rc8 29. e6 Qe8 30. Re4 g5 31. Rf6 Kg7 32. Qf5 Rcc7 33. g4 b5 34. h4
gxh4 35. Qf4 Qh8 36. Qf5 Qe8 37. g5 h5 38. g6 Rxc4 39. Rxc4 bxc4 40. Rf7+ Rxf7
41. gxf7 Qd8 42. Qxh5 Qb6+ 43. Kg2 Qb2+ 44. Kf1 Qc1+ 45. Kf2 Qc2+ 46. Qe2 Qf5+
47. Qf3 Qc2+ 48. Kg1 Qc1+ 49. Kh2 Qh6 50. f8=Q+ Kg6 51. Qg4+ 1-0

[Event "Gibtelecom AmatWk2 6th"]
[Site "Gibraltar"]
[Date "2008.01.27"]
[Round "1.50"]
[White "Andersen, Glenn"]
[Black "Hermes, Geoff R"]
[Result "0-1"]
[WhiteElo "1200"]
[BlackElo "1696"]
[PlyCount "111"]
[EventDate "2008.01.27"]
[EventType "swiss"]
[EventRounds "5"]
[EventCountry "GGB"]
[SourceTitle "BritBase"]
[Source "www.saund.co.uk"]
[SourceDate "2018.02.10"]
[SourceVersion "1"]
[SourceVersionDate "2018.02.10"]
[SourceQuality "1"]

1. c4 e5 2. e4 Nf6 3. Nc3 Bb4 4. d3 O-O 5. g3 Nc6 6. Bg2 d6 7. Bd2 Bc5 8. h3
Nb4 9. Bc1 c6 10. Nge2 Be6 11. O-O d5 12. cxd5 cxd5 13. a3 Nc6 14. Bg5 dxe4 15.
Bxf6 Qxf6 16. Nxe4 Qe7 17. Nxc5 Qxc5 18. Nc3 Rad8 19. Qf3 Rd7 20. Ne4 Qb5 21.
b4 Rxd3 22. Qh5 f6 23. Nc5 Rd6 24. Nxe6 Rxe6 25. a4 Qxb4 26. Bd5 Qe7 27. Qg4 f5
28. Qc4 Re8 29. Bxe6+ Qxe6 30. Qxe6+ Rxe6 31. a5 Kf7 32. Rfb1 Re7 33. Rb5 Nd4
34. Rd5 Ke6 35. Rd8 a6 36. Kg2 Nc6 37. Rdd1 Nd4 38. Ra4 Rc7 39. Rd2 Nb5 40. f3
Nd6 41. Raa2 Rc5 42. Rdc2 Nc4 43. Kf2 Rxa5 44. Rxa5 Nxa5 45. Ke3 Nc6 46. Ra2 a5
47. Rb2 Nb4 48. Kd2 Kd5 49. Kc3 Kc5 50. Re2 Nc6 51. f4 exf4 52. gxf4 b5 53. Re8
b4+ 54. Kb3 Kb5 55. Rg8 Nd4+ 56. Kb2 0-1

[Event "Gibtelecom AmatWk2 6th"]
[Site "Gibraltar"]
[Date "2008.01.27"]
[Round "1.51"]
[White "Tufta, Jon Gunnar"]
[Black "Coats, Jon R"]
[Result "1-0"]
[WhiteElo "1681"]
[BlackElo "1376"]
[PlyCount "79"]
[EventDate "2008.01.27"]
[EventType "swiss"]
[EventRounds "5"]
[EventCountry "GGB"]
[SourceTitle "BritBase"]
[Source "www.saund.co.uk"]
[SourceDate "2018.02.10"]
[SourceVersion "1"]
[SourceVersionDate "2018.02.10"]
[SourceQuality "1"]

1. e4 g6 2. Bc4 e6 3. d4 d5 4. exd5 exd5 5. Bb3 Bg7 6. Nf3 Nf6 7. Qe2+ Qe7 8.
Ne5 O-O 9. Be3 Nbd7 10. f4 c6 11. Nd2 Nxe5 12. fxe5 Ng4 13. Bf4 Nh6 14. O-O Nf5
15. Nf3 Bh6 16. Qd2 Bxf4 17. Qxf4 Kg7 18. Rae1 h6 19. g4 g5 20. gxf5 gxf4 21.
f6+ Qxf6 22. exf6+ Kxf6 23. Kf2 Bh3 24. Rg1 Rg8 25. c3 Rae8 26. Rxg8 Rxg8 27.
Rg1 Rxg1 28. Kxg1 Ke6 29. Bc2 f6 30. Kf2 Bf5 31. Ne1 Bxc2 32. Nxc2 a5 33. Kf3
Kf5 34. Ne1 b6 35. Nd3 h5 36. h4 b5 37. Nxf4 b4 38. Nxh5 bxc3 39. bxc3 Kg6 40.
Ng3 1-0

[Event "Gibtelecom AmatWk2 6th"]
[Site "Gibraltar"]
[Date "2008.01.27"]
[Round "1.52"]
[White "Cox, Marian"]
[Black "Hughes, Peter"]
[Result "0-1"]
[WhiteElo "1200"]
[BlackElo "1664"]
[PlyCount "48"]
[EventDate "2008.01.27"]
[EventType "swiss"]
[EventRounds "5"]
[EventCountry "GGB"]
[SourceTitle "BritBase"]
[Source "www.saund.co.uk"]
[SourceDate "2018.02.10"]
[SourceVersion "1"]
[SourceVersionDate "2018.02.10"]
[SourceQuality "1"]

1. e4 c5 2. Nf3 g6 3. Bc4 Bg7 4. a3 Nc6 5. c3 e6 6. O-O Nge7 7. d3 d5 8. Ba2
O-O 9. exd5 exd5 10. Re1 Be6 11. Qc2 Qd6 12. Nbd2 b6 13. Rb1 Rac8 14. c4 Rfe8
15. cxd5 Nxd5 16. Nc4 Qb8 17. Bd2 b5 18. Na5 Nd4 19. Nxd4 Bxd4 20. Bxd5 Bxd5
21. Rxe8+ Rxe8 22. Nb3 Bxf2+ 23. Kxf2 Qxh2 24. Rg1 Qh4+ 0-1

[Event "Gibtelecom AmatWk2 6th"]
[Site "Gibraltar"]
[Date "2008.01.27"]
[Round "1.53"]
[White "Bishop, Geoffrey L"]
[Black "Cox, Reginald"]
[Result "1-0"]
[WhiteElo "1664"]
[BlackElo "1136"]
[PlyCount "83"]
[EventDate "2008.01.27"]
[EventType "swiss"]
[EventRounds "5"]
[EventCountry "GGB"]
[SourceTitle "BritBase"]
[Source "www.saund.co.uk"]
[SourceDate "2018.02.10"]
[SourceVersion "1"]
[SourceVersionDate "2018.02.10"]
[SourceQuality "1"]

1. e4 d6 2. d4 Nf6 3. Nc3 e5 4. Nf3 Be7 5. dxe5 dxe5 6. Qxd8+ Bxd8 7. Nxe5 O-O
8. Bc4 Be6 9. Bxe6 fxe6 10. Be3 Nbd7 11. Nxd7 Nxd7 12. Rd1 Ne5 13. Ke2 a6 14.
Bd4 Nc6 15. Bc5 Be7 16. Bxe7 Nxe7 17. Rd7 Ng6 18. g3 Rac8 19. f4 Rfd8 20. Rhd1
Rxd7 21. Rxd7 Kf8 22. e5 Ne7 23. Ne4 h6 24. Nc5 Kf7 25. Nxb7 Ke8 26. Rd3 Nd5
27. a3 Rb8 28. Rb3 Ke7 29. Kd3 g6 30. a4 Kd7 31. Nc5+ Kc8 32. Rxb8+ Kxb8 33.
Nxe6 Nb4+ 34. Kc3 Nd5+ 35. Kd4 Nb4 36. c3 Nc6+ 37. Kd5 Ne7+ 38. Ke4 c6 39. c4
Kb7 40. g4 Kc8 41. h4 Kd7 42. Nc5+ 1-0

[Event "Gibtelecom AmatWk2 6th"]
[Site "Gibraltar"]
[Date "2008.01.27"]
[Round "1.54"]
[White "Feeney, James"]
[Black "Izzard, Brian J"]
[Result "0-1"]
[WhiteElo "1088"]
[BlackElo "1664"]
[PlyCount "36"]
[EventDate "2008.01.27"]
[EventType "swiss"]
[EventRounds "5"]
[EventCountry "GGB"]
[SourceTitle "BritBase"]
[Source "www.saund.co.uk"]
[SourceDate "2018.02.10"]
[SourceVersion "1"]
[SourceVersionDate "2018.02.10"]
[SourceQuality "1"]

1. f4 d5 2. e3 Nf6 3. Nf3 Nc6 4. Bb5 Bd7 5. O-O e6 6. d3 Bc5 7. h3 O-O 8. Bxc6
Bxc6 9. Qe1 Nd7 10. b3 Qe7 11. Bb2 b6 12. Nbd2 Bb7 13. Bd4 Bd6 14. Qg3 f6 15.
Qh2 e5 16. fxe5 fxe5 17. Bxe5 Nxe5 18. Nxe5 Bxe5 0-1

[Event "Gibtelecom AmatWk2 6th"]
[Site "Gibraltar"]
[Date "2008.01.27"]
[Round "1.55"]
[White "Garcia, Mario"]
[Black "Mossiaguine, Arina"]
[Result "1-0"]
[WhiteElo "1663"]
[BlackElo "1111"]
[PlyCount "52"]
[EventDate "2008.01.27"]
[EventType "swiss"]
[EventRounds "5"]
[EventCountry "GGB"]
[SourceTitle "BritBase"]
[Source "www.saund.co.uk"]
[SourceDate "2018.02.10"]
[SourceVersion "1"]
[SourceVersionDate "2018.02.10"]
[SourceQuality "1"]

1. e4 e6 2. d4 d5 3. Nc3 Bb4 4. e5 c5 5. a3 Bxc3+ 6. bxc3 Qa5 7. Bd2 c4 8. Nf3
Bd7 9. Be2 Ba4 10. Qc1 b5 11. O-O Nc6 12. Nh4 Nge7 13. f4 Qb6 14. Be3 a5 15.
Nf3 b4 16. axb4 axb4 17. Qb2 b3 18. Nd2 O-O 19. cxb3 cxb3 20. Rfb1 Ra6 21. Bxa6
Qxa6 22. Qa3 Nf5 23. Bf2 Qd3 24. Qb2 Bb5 25. Nxb3 Ne3 26. Nc5 Qe4 1-0

[Event "Gibtelecom AmatWk2 6th"]
[Site "Gibraltar"]
[Date "2008.01.27"]
[Round "1.56"]
[White "Stoop, Michael"]
[Black "Rough, Robert E"]
[Result "0-1"]
[WhiteElo "1056"]
[BlackElo "1651"]
[PlyCount "56"]
[EventDate "2008.01.27"]
[EventType "swiss"]
[EventRounds "5"]
[EventCountry "GGB"]
[SourceTitle "BritBase"]
[Source "www.saund.co.uk"]
[SourceDate "2018.02.10"]
[SourceVersion "1"]
[SourceVersionDate "2018.02.10"]
[SourceQuality "1"]

1. d4 d5 2. Nf3 Nc6 3. e3 Bf5 4. c4 e6 5. Qb3 Rb8 6. Nc3 Nb4 7. Kd2 Bc2 8. Qa3
Nc6 9. c5 Bf5 10. Bb5 f6 11. Qxa7 Kf7 12. Qa4 Ra8 13. Qd1 Nb4 14. Ne1 c6 15. a3
cxb5 16. Nxb5 Qa5 17. Nc3 e5 18. b3 exd4 19. exd4 Nc6 20. Nf3 Qa6 21. Ke3 Re8+
22. Kf4 g5+ 23. Nxg5+ fxg5+ 24. Kxf5 Nce7+ 25. Kxg5 Qf6+ 26. Kg4 Nh6+ 27. Bxh6
Rg8+ 28. Kh3 Qxh6+ 0-1

[Event "Gibtelecom AmatWk2 6th"]
[Site "Gibraltar"]
[Date "2008.01.27"]
[Round "1.57"]
[White "Kuenitz, Klaus"]
[Black "Ruiz, Jose Mari"]
[Result "1-0"]
[WhiteElo "1645"]
[BlackElo "1000"]
[PlyCount "53"]
[EventDate "2008.01.27"]
[EventType "swiss"]
[EventRounds "5"]
[EventCountry "GGB"]
[SourceTitle "BritBase"]
[Source "www.saund.co.uk"]
[SourceDate "2018.02.10"]
[SourceVersion "1"]
[SourceVersionDate "2018.02.10"]
[SourceQuality "1"]

1. d4 e5 2. dxe5 Bc5 3. Nf3 d6 4. exd6 cxd6 5. Bf4 Nd7 6. Bxd6 Qb6 7. Bxc5 Qxc5
8. Nc3 Ne5 9. Nxe5 Qxe5 10. Qd5 Qf6 11. O-O-O Bf5 12. e4 Rd8 13. Qxd8+ Qxd8 14.
Rxd8+ Kxd8 15. exf5 Nf6 16. Bc4 Re8 17. Bxf7 Re5 18. Be6 Ng4 19. f3 Nh6 20.
Rd1+ Ke7 21. f4 Re3 22. Nd5+ Kf8 23. Nxe3 g6 24. Rd8+ Ke7 25. Rd7+ Kf8 26. f6
b5 27. Rd8# 1-0

[Event "Gibtelecom AmatWk2 6th"]
[Site "Gibraltar"]
[Date "2008.01.27"]
[Round "1.58"]
[White "Salomon, Johan"]
[Black "Goodfellow, Russell"]
[Result "1-0"]
[WhiteElo "1000"]
[BlackElo "1648"]
[PlyCount "98"]
[EventDate "2008.01.27"]
[EventType "swiss"]
[EventRounds "5"]
[EventCountry "GGB"]
[SourceTitle "BritBase"]
[Source "www.saund.co.uk"]
[SourceDate "2018.02.10"]
[SourceVersion "1"]
[SourceVersionDate "2018.02.10"]
[SourceQuality "1"]

1. d4 f5 2. c4 e6 3. Nf3 Nf6 4. Nc3 Be7 5. Bg5 O-O 6. e3 Ne4 7. Nxe4 fxe4 8.
Bxe7 Qxe7 9. Nd2 d5 10. Be2 c6 11. O-O Nd7 12. f3 e5 13. cxd5 exf3 14. Nxf3 e4
15. d6 Qxd6 16. Bc4+ Kh8 17. Ng5 Qe7 18. Nf7+ Kg8 19. Ne5+ Kh8 20. Rxf8+ Nxf8
21. Nf7+ Kg8 22. Qh5 Be6 23. Bxe6 Qxe6 24. Ng5 Qd5 25. Rf1 Rd8 26. Qf7+ Qxf7
27. Nxf7 Rd5 28. h3 Ng6 29. g3 h6 30. h4 Rd7 31. h5 Rxf7 32. hxg6 Rxf1+ 33.
Kxf1 Kf8 34. Kg2 Ke7 35. Kh3 Kf6 36. Kg4 Kxg6 37. Kf4 Kf6 38. Kxe4 h5 39. Kf4
g5+ 40. Kf3 Ke6 41. e4 b6 42. b4 a6 43. a4 Kf6 44. e5+ Kf5 45. Kf2 Ke6 46. Ke3
Kd5 47. Kd3 a5 48. bxa5 bxa5 49. Ke3 c5 {... rest of moves unrecorded} 1-0

[Event "Gibtelecom AmatWk2 6th"]
[Site "Gibraltar"]
[Date "2008.01.27"]
[Round "1.59"]
[White "Tomassetti, Giuseppe"]
[Black "Mossiaguine, Anastasia"]
[Result "1-0"]
[WhiteElo "1636"]
[BlackElo "920"]
[PlyCount "101"]
[EventDate "2008.01.27"]
[EventType "swiss"]
[EventRounds "5"]
[EventCountry "GGB"]
[SourceTitle "BritBase"]
[Source "www.saund.co.uk"]
[SourceDate "2018.02.10"]
[SourceVersion "1"]
[SourceVersionDate "2018.02.10"]
[SourceQuality "1"]

1. e4 e5 2. Nf3 Nc6 3. d4 d6 4. dxe5 dxe5 5. Qxd8+ Nxd8 6. Nxe5 Nf6 7. f3 Bd6
8. Nc4 Bc5 9. Be3 Be7 10. Nc3 O-O 11. Be2 Be6 12. O-O Nc6 13. a3 Rfd8 14. Rad1
Re8 15. Nb5 Rec8 16. Nd4 Nxd4 17. Bxd4 h6 18. Ne3 a6 19. c4 c5 20. Bc3 Bd7 21.
Nd5 Nxd5 22. exd5 Ba4 23. Rd2 Re8 24. Bd1 Bd7 25. Re2 b5 26. b3 b4 27. axb4
cxb4 28. Bd4 a5 29. Rfe1 Bg5 30. Rxe8+ Bxe8 31. Bc2 Bd7 32. Kf2 Kf8 33. g3 Be7
34. Bxg7+ Kxg7 35. Rxe7 Be8 36. f4 Rd8 37. Ra7 Rd7 38. Rxd7 Bxd7 39. Ke3 f6 40.
Kd4 h5 41. h4 Kh6 42. Kc5 f5 43. Kd6 Bc8 44. Kc7 Ba6 45. d6 Kg6 46. d7 Kf6 47.
d8=Q+ Kg6 48. Qd6+ Kh7 49. Bxf5+ Kg7 50. Qe7+ Kh6 51. Qg5# 1-0

[Event "Gibtelecom AmatWk2 6th"]
[Site "Gibraltar"]
[Date "2008.01.28"]
[Round "2.39"]
[White "Hughes, Peter"]
[Black "Aagedal, Geir Ole"]
[Result "0-1"]
[WhiteElo "1664"]
[BlackElo "1839"]
[PlyCount "50"]
[EventDate "2008.01.27"]
[EventType "swiss"]
[EventRounds "5"]
[EventCountry "GGB"]
[SourceTitle "BritBase"]
[Source "www.saund.co.uk"]
[SourceDate "2018.02.10"]
[SourceVersion "1"]
[SourceVersionDate "2018.02.10"]
[SourceQuality "1"]

1. d4 Nf6 2. Bf4 g6 3. e3 Bg7 4. h3 d6 5. Nf3 Nbd7 6. Nbd2 O-O 7. Be2 c5 8. c3
Re8 9. O-O e5 10. dxe5 dxe5 11. Bg3 e4 12. Ne1 a6 13. Nc4 b5 14. Nd6 Re6 15. a4
bxa4 16. Bc4 Nb6 17. Ba2 Re7 18. Nxf7 Qxd1 19. Rxd1 Rxf7 20. Rd8+ Bf8 21. Bxf7+
Kxf7 22. Nc2 Be7 23. Rdd1 Nc4 24. Na3 Nxb2 25. Rd2 Nd3 0-1

[Event "Gibtelecom AmatWk2 6th"]
[Site "Gibraltar"]
[Date "2008.01.28"]
[Round "2.40"]
[White "Izzard, Brian J"]
[Black "Ribon Calabia, Mariano"]
[Result "1-0"]
[WhiteElo "1664"]
[BlackElo "1800"]
[PlyCount "65"]
[EventDate "2008.01.27"]
[EventType "swiss"]
[EventRounds "5"]
[EventCountry "GGB"]
[SourceTitle "BritBase"]
[Source "www.saund.co.uk"]
[SourceDate "2018.02.10"]
[SourceVersion "1"]
[SourceVersionDate "2018.02.10"]
[SourceQuality "1"]

1. d4 Nf6 2. Bg5 Ne4 3. Bf4 d5 4. e3 Nc6 5. c3 Bf5 6. Bd3 Nxf2 7. Kxf2 e6 8.
Nf3 Bg4 9. Rf1 Bd6 10. Bxd6 Qxd6 11. Kg1 e5 12. Be2 f6 13. Nbd2 e4 14. Nh4 h5
15. Nf5 Qd7 16. Ng3 O-O-O 17. c4 Ne7 18. Rc1 Kb8 19. c5 c6 20. b4 a6 21. a4 Rh6
22. b5 Rdh8 23. bxa6 bxa6 24. Rb1+ Kc7 25. Qb3 Kd8 26. Qb8+ Nc8 27. Rb7 Qe6 28.
Bxa6 Rg6 29. Rc7 h4 30. Bxc8 Qxc8 31. Rxc8+ Bxc8 32. Nf5 h3 33. g3 1-0

[Event "Gibtelecom AmatWk2 6th"]
[Site "Gibraltar"]
[Date "2008.01.28"]
[Round "2.41"]
[White "Rough, Robert E"]
[Black "Livesey, R Nigel"]
[Result "1/2-1/2"]
[WhiteElo "1651"]
[BlackElo "1792"]
[PlyCount "55"]
[EventDate "2008.01.27"]
[EventType "swiss"]
[EventRounds "5"]
[EventCountry "GGB"]
[SourceTitle "BritBase"]
[Source "www.saund.co.uk"]
[SourceDate "2018.02.10"]
[SourceVersion "1"]
[SourceVersionDate "2018.02.10"]
[SourceQuality "1"]

1. d4 d6 2. Bf4 g6 3. e3 Bg7 4. Nf3 Nd7 5. c3 e5 6. Bg5 f6 7. Bh4 Nh6 8. dxe5
dxe5 9. e4 Qe7 10. Bc4 Nb6 11. Bb3 Nf7 12. Nbd2 Be6 13. Qe2 g5 14. Bg3 h5 15.
h4 g4 16. Nh2 O-O-O 17. O-O Bh6 18. Rfd1 Bxd2 19. Rxd2 Rxd2 20. Bxe6+ Qxe6 21.
Qxd2 Rd8 22. Qc2 Qd7 23. b3 Qd3 24. Rc1 Qxc2 25. Rxc2 Rd1+ 26. Nf1 Nd6 27. f3
gxf3 28. gxf3 1/2-1/2